LEADER 01265nam a2200289 i 4500 001 000000133639 003 CaOOAMICUS 005 20210608104230.0 008 070323s2007 it u000 u ita u 013 $a106658 020 $a88-8025-562-2 040 $aSeMil$bita 110 2 $aArcidiocesi di Milano.$0(OLS)http://semarc/name/400 245 10$aEcco il tuo figlio... Ecco tua madre :$bQuaresima 2007 /$cArcidiocesi di Milano. 260 $aMilano :$bCentro Ambrosiano,$ccopyr. 2007. 300 $a63 p. ;$c21 cm. 490 1 $aLa parola ogni giorno 650 4$aQuaresima - Sussidi.$0(OLS)http://semarc/subject/26223 650 4$aMilano (Arcidiocesi) - Pastorale - Sussidi.$0(OLS)http://semarc/subject/10931 830 3$aLa parola ogni giorno.$0(OLS)http://semarc/title/435520 850 $aSeMil 852 $aSeMil$W1$xVenegono$y1$m5C V 4/16$j87456$B87456$CSeMilBibl$Z2$F122190 $81 961 $aOmaggio: Centro Ambrosiano di Documentazione e Studi Rel. 996 $6020$a88-8025-562-2$9(OLS)http://semarc/number/120787 996 $6245$aEcco il tuo figlio... Ecco tua madre :$bQuaresima 2007$9(OLS)http://semarc/title/195719 996 $6260$aMilano :$bCentro Ambrosiano$9(OLS)http://semarc/publisher/29766 LEADER 00738naa a2200133 i 4500 001 000000324641 003 CaOOAMICUS 005 20180831173447.0 008 180831n it u000 u ita u 013 $a35541 040 $aSeMil$bita 245 10$aOrazioni sopra il matrimonio e il vestire disonesto. 773 0 $aCavalca, Domenico $tScelti ammaestramenti per chi ama legarsi in matrimonio e conservarsi in tale stato con integrità di costumi e con fedeltà all'adempimento de' propri doveri sì del padre che della madre di famiglia.$dParma : Pietro Fiaccadori, 1841.$kScelta di elegantissimi scrittori italiani antichi e moderni$w()242944 996 $6245$aOrazioni sopra il matrimonio e il vestire disonesto$9(OLS)http://semarc/title/397925